00441nam a2200145Ia 4500008004100000020001700041041000800058082001000066100001900076245006900095260006200164300002000226650003200246700001700278230511s1998 xx 000 0 und d a1-84000-195x aeng a778.8 aLuciana James. aThe Art of enhanced photography Extending the Photographic Image aLondonbMitchell Beazley an imprint of Octopus Pub.c1998 a144H B 28X23 cm aFundamentals of Photography aWatts Judith